Lufthansa pre komfort cestujúcich
Nemecká letecká spoločnosť Lufthansa prebuduje do r. 1998 časť medzinárodného letiska vo Frankfurte nad Mohanom. Zlepšenie vnútorného dopravného systému. Odstránenie stresu a ušetrenie času cestujúcich - priorita stratégie Lufthansy.
Saved in:
| Main Author: | |
|---|---|
| Format: | Book Chapter |
| Language: | Slovak |
| Subjects: | |
| Tags: |
No Tags, Be the first to tag this record!
|
MARC
| LEADER | 00000naa a2200000 4500 | ||
|---|---|---|---|
| 001 | r019796 | ||
| 005 | 20230801103536.8 | ||
| 041 | 0 | |a slo | |
| 044 | |a SK | ||
| 245 | 1 | 0 | |a Lufthansa pre komfort cestujúcich |c R. Knobloch |
| 520 | |a Nemecká letecká spoločnosť Lufthansa prebuduje do r. 1998 časť medzinárodného letiska vo Frankfurte nad Mohanom. Zlepšenie vnútorného dopravného systému. Odstránenie stresu a ušetrenie času cestujúcich - priorita stratégie Lufthansy. | ||
| 610 | 2 | 0 | |a Nemecko |
| 610 | 2 | 0 | |a 1996-1998 |
| 610 | 2 | 0 | |a doprava letecká |
| 610 | 2 | 0 | |a letiská |
| 610 | 2 | 0 | |a spoločnosti letecké |
| 610 | 2 | 0 | |a Lufthansa |
| 610 | 2 | 0 | |a Frankfurt nad Mohanom |
| 100 | 1 | |a Knobloch, R. | |